Західноукраїнська проза 20–30-х років XX ст.: Проблема неоромантизму (О. Турянський, Р. Купчинський, А. Чайковський, А. Лотоцький, Б.-І. Антонич і Катря Гриневичева) (Запис № 460843)

МАРК-запис
000 -Лідер
fixed length control field 04440nam a22002657a 4500
001 - Контрольний номер
control field 216218937
003 - Ідентифікатор контрольного номера
control field UA-OsUOA
005 - Дата та час останнього входження (трансакції)
control field 20210103163634.0
008 - Елементи даних фіксованої довжини – загальна інформація
fixed length control field 200731b un ||||| m||| 00| 0 ukr d
040 ## - Джерело каталогізації
Агенція оригінальної каталогізації UA-OsUOA
Мова каталогізації ukr
Агенція, яка здійснювала перезапис UA-OsUOA
Агенція, яка здійснювала модифікацію UA-OsUOA
041 ## - Код мови
Код мови тексту/ звукової доріжки чи окремого заголовка (П) ukr
080 ## - Індекс Універсальної десяткової класифікації
Індекс Універсальної десяткової класифікації (УДК) (НП) 821.161.2
090 ## - Локальний шифр розміщення
Класифікаційний індекс УДК 821.161.2
095 ## - Код спеціальності для авторефератів
Код спеціальності 10.01.01
Назва спеціальності українська література
100 ## - Основне введення – ім’я особи
Ім’я особи (НП) Лебедівна Л. І.
245 ## - Відомості про назву
Назва (НП) Західноукраїнська проза 20–30-х років XX ст.: Проблема неоромантизму (О. Турянський, Р. Купчинський, А. Чайковський, А. Лотоцький, Б.-І. Антонич і Катря Гриневичева)
Дані про відповідальність (НП) Лебедівна Лариса Іванівна ; наук. керівник Шумило Наталія Микитівна
260 ## - Публікація, розповсюдження і т.п. (Вихідні дані)
Місце публікації, розповсюдження і т.п. (П) Київ
Дата публікації, розповсюдження і т.п. (П) 2007
300 ## - Фізичний опис
Обсяг 20 с.
502 ## - Примітка про дисертацію
Зв'язок Автореферат дисертації на здобуття наукового ступеня кандидата філологічних наук<br/>
Наймення інституції, що представляється Інститут літератури імені Т. Г. Шевченка
Рік отримання вченого ступеня 2007
520 ## - Резюме і т.п.
Резюме, реферат, анотація, тощо (НП) У дисертації досліджується західноукраїнська проза 20–30-х років XX ст. під кутом зору виявлення в ній рис і особливостей неоромантизму. Показано розвиток неоромантизму в українській прозі, починаючи від О.Кобилянської аж до 20–30-х років XX ст., тяглість традицій і спільне та своєрідне в неоромантиків “старшого” й “нового” поколінь. Осмислюються філософсько-психологічні, культурно-історичні та літературно-естетичні аспекти художніх світів О. Турянського, Р. Купчинського, А. Чайковського, А. Лотоцького, Б.-І. Антонича, К. Гриневичевої, малодосліджений доробок яких розглядається у порівняльно-типологічному плані із творами західноєвропейських письменників-модерністів того періоду, а також визначаються особливості їх індивідуальних стилів.<br/>Неоромантизм розглядається як літературний напрям, базований на літературно-естетичних та світоглядних засадах, які представляють загальнолюдський світогляд, що має глибоке культурно-історичне коріння і ґрунтується на оптимістичній вірі та християнських принципах, характерних для цілої епохи міжвоєнного періоду — епохи відродження і самоусвідомлення української нації, а також її боротьби за державність, що виражало її національну своєрідність, створило позитивні умови для формування цього літературного напряму на теренах Західної України. <br/>У роботі зосереджується увага на синтетичному характері неоромантичного літературного напряму та аналізі типологічних рис неоромантизму. Звернення до неоромантичної творчості прозаїків 20–30-х рр. XX ст. дає можливість повніше представити літературний процес у міжвоєнній Галичині, визначити його особливості, тенденції, пріоритети.
650 ## - Додаткове предметне введення – тематичний термін
Джерело заголовка чи терміна UDC
Тематичний термін чи географічна назва, як елемент введення (НП) 821.161.2 Українська література
942 ## - Додаткові елементи входу (Коха)
Source of classification or shelving scheme Universal Decimal Classification
Тип елемента Koha Автореферат
955 ## - Код типу видання за змістом
Код типу видання за змістом (НП) Наукові видання

Немає доступних примірників.